Closing the gap in education and technology (Registro nro. 4153)

Detalles MARC
000 -LEADER
fixed length control field 01122 a2200229 4500
001 - CONTROL NUMBER
control field 46088
005 - DATE AND TIME OF LATEST TRANSACTION
control field 20260407155734.0
008 - FIXED-LENGTH DATA ELEMENTS--GENERAL INFORMATION
fixed length control field 260407a2003 arg spa d
003 - CONTROL NUMBER IDENTIFIER
control field AR-UNSa-BCEJYS
040 ## - CATALOGING SOURCE
Original cataloging agency AR-UNSa-BCEJYS
Language of cataloging spa
Transcribing agency AR-UNSa-BCEJYS
080 ## - UNIVERSAL DECIMAL CLASSIFICATION NUMBER
Universal Decimal Classification number 37
Common auxiliary subdivision Educación. Enseñanza. Formación
020 ## - INTERNATIONAL STANDARD BOOK NUMBER
International Standard Book Number 0-8213-5172-9
041 ## - LANGUAGE CODE
Language code of text/sound track or separate title spa
100 1# - MAIN ENTRY--PERSONAL NAME
Personal name Ferranti, David de
245 10 - TITLE STATEMENT
Title Closing the gap in education and technology
264 #1 - PRODUCTION, PUBLICATION, DISTRIBUTION, MANUFACTURE, AND COPYRIGHT NOTICE
Place of production, publication, distribution, manufacture Washington :
Name of producer, publisher, distributor, manufacturer Banco Mundial
Date of production, publication, distribution, manufacture, or copyright notice 2003
300 ## - PHYSICAL DESCRIPTION
Extent 216 p.
Dimensions 28 cm.
505 ## - FORMATTED CONTENTS NOTE
Formatted contents note 1. Introduction and summary : skills upgrading and innovation policies – 2. The gaps that matter most – 3. How technology and skills interact : the evidence for Latin America and the caribbean – 4. Closing the skills gap : education policies – 5. Closing the skills gap : training policies – 6. Technological transitions and elements of technology policy – 7. Networks and national innovation systems.
590 ## - LOCAL NOTE (RLIN)
Local note niveau_biblio:m niveau_hierar:0
856 41 - ELECTRONIC LOCATION AND ACCESS
Uniform Resource Identifier <a href="https://www.biblioeco.unsa.edu.ar/pmb/images/libros/L127325.jpg">https://www.biblioeco.unsa.edu.ar/pmb/images/libros/L127325.jpg</a>
Link text Imagen de portada
Electronic format type image/jpeg
942 ## - ADDED ENTRY ELEMENTS (KOHA)
Koha item type
Existencias
Withdrawn status Lost status Damaged status Not for loan Home library Current library Shelving location Date acquired Total checkouts Full call number Barcode Date last seen Price effective from Koha item type
        Biblioteca Prof. Eusebio Cleto del Rey Biblioteca Prof. Eusebio Cleto del Rey   07/04/2026   37 F368 L127325 07/04/2026 07/04/2026 Libro